000 00443nam a2200157Ia 4500
008 240729s9999 xx 000 0 und d
022 _a2706-4441
245 0 _aHistory in Flux
260 _aCroatia
260 _bJuraj Dobrila University of Pula
650 _a History (General)
650 _aHistory (General) and history of Europe
856 _uhttps://doaj.org/toc/8699be53481c424fab3b3d476893de62
942 _2ddc
942 _cDOAJEJ
999 _c72969
_d72969
945 _a1
_bMadushi Gamage
_c1
_dMadushi Gamage